Statistics for Diseases and Medical Conditions A-Z

Click here to take the quiz!

General Stats

  • This quiz has been taken 12,090 times
  • The average score is 17 of 26

Answer Stats

Hint Description Answer % Correct
EContagious disease that killed about 10,000 in Africa in 2013-2015Ebola
91%
RCommonly caused by bat or dog bitesRabies
90%
ADecreased capacity of the blood to carry oxygen often caused by iron deficiencyAnemia
87%
BOne of the three types of plagueBubonic Plague
86%
OCauses the need to repeatedly wash one's hands or check if the door is lockedOCD
83%
JYellowing of the skinJaundice
82%
VCan make it seem like things are spinning when they are notVertigo
81%
PThis disease is nearly eradictated - with just 33 new cases in 2018Polio
77%
UBreak in the lining of the stomach: Peptic _____Ulcer
75%
GDisease of kings that often affects the big toeGout
74%
YAnother mosquito-borne tropical feverYellow Fever
72%
CTingling in the wrist often caused by repetitive mouse and keyboard actionsCarpal Tunnel
Syndrome
70%
IAn outbreak of this in 1918 killed 3% of the world's populationInfluenza
70%
FLoosely-defined chronic pain syndrome{Fibro}myalgia
69%
QA paralysis of all four limbsQuadriplegia
69%
MCommon name for Bovine Spongiform EncephalopathyMad Cow
68%
SReactivation of the chicken pox virus later in lifeShingles
65%
DMosquito-borne tropical feverDengue Fever
61%
ZMosquito-borne tropical illness that can cause children to be
born with small heads
Zika
60%
TInfecticious bacterial disease formerly known as consumptionTuberculosis
60%
HInflammation of the liver that can be caused by viruses or alcoholismHepatitis
59%
NInability to control sleep-wake cyclesNarcolepsy
59%
LAlso known as tetanus, it causes extreme muscle spasmsLockjaw
42%
WMosquito-borne virus named for a riverWest Nile
36%
XGenetic condition of having an extra male chromosomeXYY
19%
KIllness where blood vessels become inflamed; named for a Japanese doctorKawasaki Syndrome
17%

Score Distribution

Percentile by Number Answered

Percent of People with Each Score

Your Score History

You have not taken this quiz